بنوك المعلومات وحقوق المؤلف / (Record no. 6638)

MARC details
000 -الفاتح
حقل البيانات ثابتة الطول 00827nam a22002295a 4500
003 - محدد رقم الضبط
رقم الضبط OSt
005 - وقت وتاريخ اخر تعامل مع التسجيلة
رقم الضبط 20170201122723.0
008 - عناصر البيانات ثابتة الطول - معلومات عامة
حقل البيانات ثابتة الطول 101014s1999 ua frb 000 0 ara d
020 ## - الرقم الدولى المعيارى للكتب
الرقم الدولى المعيارى للكتاب 9771981811
040 ## - مصدر الفهرسة
وكالة الفهرسة الأصلية EG-ScBUE
لغة الفهرسة ara
وكالة النسخ EG-ScBUE
082 04 - رقم تصنيف ديوى العشرى
رقم التصنيف 346.0482
رقم المادة ل ط ف
رقم الطبعة 22
100 1# - المدخل الرئيسى - إسم شخصى
9 (RLIN) 20399
الإسم الشخصى لطفي ، محمد حسام محمود
245 10 - بيان العنوان
العنوان بنوك المعلومات وحقوق المؤلف /
بيان المسئوليه,etc محمد حسام محمود لطفي.
260 ## - PUBLICATION, DISTRIBUTION, ETC. (IMPRINT)
مكان الناشر او الموزع القاهرة :
اسم الناشر او الموزع [د. ن.]،
تاريخ النشر أو التوزيع 1999.
300 ## - الوصف المادى
التعداد 54 ص. ؛
أبعاد الوعاء 24 سم.
504 ## - تبصرة ببليوجرافية
تبصرة ببليوجرافية,الخ يشتمل علي إرجاعات ببليوجرافية.
650 #0 - المدخل الاضافى بالموضوع-مصطلح موضوعى
مصطلح موضوعي أو اسم جغرافي كعنصر مدخل مراكز المعلومات.
مصدر الرأس أو المصطلح BUEsh
9 (RLIN) 21917
650 #0 - المدخل الاضافى بالموضوع-مصطلح موضوعى
مصطلح موضوعي أو اسم جغرافي كعنصر مدخل حقوق التأليف والنشر.
مصدر الرأس أو المصطلح BUEsh
9 (RLIN) 21918
653 ## - مصطلح تكشيفى غير مقيد
Resource For college Generalities
Arrived date list August2015
655 ## - مصطلح تكشيفى-نوع/شكل
التقسيم الفرعي الشكلي
-- 34232
942 ## - عناصر المدخل الإضافي( كوها)
سابقة رقم الطلب 346.0482 ل ط ف
Holdings
حالة التراجع حالة الفقد مصدر التصنيف او خطة الترفيف حالة تلف ليس للاعارة مجموعات كوها المكان الدائم المكان الحالي موقع الترفيف تاريخ الاكتساب Source of acquisition رقم الاستدعاء الباركود Date last seen نوع الوعاء
    Dewey Decimal Classification     Alef-Baa Central Library Central Library First floor 12/01/2011   346.0482 ل ط ف 000008101 15/07/2025 Book - Borrowing
    Dewey Decimal Classification     Alef-Baa Central Library Central Library First floor 12/01/2011   346.0482 ل ط ف 000008102 15/07/2025 Book - Borrowing
    Dewey Decimal Classification     Alef-Baa Central Library Central Library First floor 12/01/2011   346.0482 ل ط ف 000008103 15/07/2025 Book - Borrowing